000 00520nam a2200169Ia 4500
999 _c35877
_d35877
003 OSt
005 20201214124951.0
008 190216s9999||||xx |||||||||||||| ||und||
040 _coclc
082 _a610.7110202
_bAUT/H
100 _aAuthors
_91880
245 0 _aHand Book Of Medical Education 1987 /
_cAuthors
260 _bAssociation Of Indian Universities,
_c1987.
_aNew Delhi:
300 _a317p
650 _aMedical Eduction
942 _cREF
_2ddc
_h610.7110202
_iAUT/H
_k610.7110202
_mAUT/H